| 000 | 00428pab a2200157 454500 | ||
|---|---|---|---|
| 008 | 180718b1998 xxu||||| |||| 00| 0 eng d | ||
| 100 | _aAdams, Richard H., Jr. | ||
| 245 | _aThe political economy of the food subsidy system in Bangladesh | ||
| 260 | _c1998 | ||
| 300 | _ap.66-88 | ||
| 362 | _aOct | ||
| 650 | _aFood supply - Bangladesh | ||
| 650 | _aFood supply | ||
| 773 | _aJournal of Development Studies | ||
| 909 | _a41592 | ||
| 999 |
_c41592 _d41592 |
||